000
00227 a2200097 4500
001
47011
100
_a
Dupuy R
245
_a
The Encyclopedia of Military History
260
_a
New York
_b
Harper & Row
_c
090
_c
30079
_d
30079
942
_a
NUST-CAE
_c
M
_c
22313
999
_c
282084
_d
282084